Sáinz de Andino y la codificación mercantil.

Guardat en:
Dades bibliogràfiques
Autor principal: Rubio, Jesús (autor)
Format: Llibre
Idioma:espanyol
Publicat: Madrid, España: Consejo Superior de Investigaciones Científicas, 1950.
Matèries:
Etiquetes: Afegir etiqueta
Sense etiquetes, Sigues el primer a etiquetar aquest registre!

MARC

LEADER 00000nam a2200000 a 4500
001 UCR2549
003 CL-VaPUC
005 20220822114336.0
008 980112e19500000SP |||||||||||||||||spa|d
999 |c 265683  |d 265681 
040 |c Pontificia Universidad Católica de Valparaíso 
082 0 4 |a 349.46 RUB 1950   |2 21 
100 0 |a Rubio, Jesús  |e autor  |9 400465 
245 1 0 |a Sáinz de Andino y la codificación mercantil.  
260 |a Madrid, España:   |b Consejo Superior de Investigaciones Científicas,  |c 1950. 
300 |a 368 páginas.  
500 |a c.2 Donación Familia Prof. Alejandro Guzmán Brito. 
583 |a last modification  |c 19980112 00:00:00  |k Rodrigo Vera 
600 0 |a Sainz de Andino, Pedro  |2 CL-VaPUC  |9 400466 
650 0 |a Derecho español  |9 255291 
650 0 |a Código de comercio   |9 329302  |z España 
650 0 |a Derecho comercial   |9 256340  |z España 
942 |c BK  |2 ddc  |n 0 
945 |d 19980112 00:00:00  |a crobeson 
952 |0 0  |1 0  |4 0  |6 349_460000000000000_RUB_1950  |7 0  |8 DER_HIS  |9 296700  |a BIBDER  |b BIBDER  |d 2019-11-20  |i 1924494  |o 349.46 RUB 1950  |p 1924494  |r 2023-01-25  |w 2019-11-20  |x Ubicación 4to Piso  |y BK  |z Estos recursos deben solicitarse con anticipación  |k DER